| 000 | 00763nam a2200217Ia 4500 | ||
|---|---|---|---|
| 003 | GCL | ||
| 008 | 140319s9999 xx 000 0 ara d | ||
| 040 |
_aGCL / _cGCL |
||
| 082 | 0 | 4 |
_a615.824 _bم و |
| 100 | 1 | _aمحمد ابراهيم شحاتة | |
| 245 | 1 | 0 |
_aالوقاية من المنشطات فى المجال الرياضى / _cمحمد ابراهيم شحاتة |
| 260 |
_aالقاهرة : _bالمكتبة المصرية ، _c2004 |
||
| 300 |
_a48 ص ؛ _c25 سم |
||
| 490 |
_aالوعى الرياضى _v4 |
||
| 650 | 0 | 4 | _aالرياضة البدنية |
| 650 | 0 | 4 | _aالعلاج الطبيعى |
| 650 | 0 | 4 | _aالعلاج باللعب |
| 650 | 0 | 4 | _aالرياضة البدنية الطبية |
| 650 | 0 | 4 | _aالمنشفات |
| 942 |
_2ddc _cBK |
||
| 999 |
_c34660 _d34660 |
||